000 00469nam a2200169Ia 4500
005 20250326130644.0
008 250326s9999 xx 000 0 und d
037 _aTextbook
040 _aFMSL
_beng
_cFMSL
041 _aeng
_2eng
084 _aX.P1t4 Q0
_qFMSL
100 _aGovt. OF India
245 0 _aEconomic survey 2009-10
_cGovt. OF India
260 _aNew Delhi
_bNew Delhi, Oxford
_c2010
942 _cTB
_hX.P1t4 Q0
999 _c1283505
_d1283505